Nalaganje...

Introductory econometrics : a modern approach /

Bibliografske podrobnosti
Glavni avtor: Wooldridge, Jeffrey M.
Format: Printed Book
Jezik:English
Izdano: Mason, OH : South-Western Cengage Learning, c2013.
Izdaja:5th ed.
Teme:
LEADER 00629 a2200157 4500
008 100208b ||||| |||| 00| 0 eng d
020 |a 9788131524657 
100 1 |a Wooldridge, Jeffrey M., 
245 1 0 |a Introductory econometrics :  |b a modern approach /  |c Jeffrey M. Wooldridge. 
250 |a 5th ed. 
260 |a Mason, OH :  |b South-Western Cengage Learning,  |c c2013. 
300 |3 878 p. 
650 0 |a econometrics. 
942 |c BK 
999 |c 318549  |d 318549 
952 |0 0  |1 0  |2 ddc  |4 0  |6 330_015195000000000_WOO_I  |7 0  |9 364711  |a ECN  |b ECN  |c GEN  |d 2016-06-07  |e Cosmo books,Thrissur  |i 8896  |l 7  |m 1  |o 330.015195 WOO/I  |p ECN8896  |r 2021-09-16  |s 2020-02-29  |w 2016-06-07  |y BK